BIBLIOTECA

SENCICO

Física / (Registro nro. 620)

Detalles MARC
000 -LEADER
fixed length control field 01529nam a2200313Ia 4500
003 - CONTROL NUMBER IDENTIFIER
control field PE SENCICO BE
005 - DATE AND TIME OF LATEST TRANSACTION
control field 20251020182443.0
008 - FIXED-LENGTH DATA ELEMENTS--GENERAL INFORMATION
fixed length control field 200515s9999 xx 000 0 und d
020 ## - INTERNATIONAL STANDARD BOOK NUMBER
International Standard Book Number 968-880-660-9
040 ## - CATALOGING SOURCE
Original cataloging agency PE SENCICO BE
Transcribing agency PE SENCICO BE
041 ## - LANGUAGE CODE
Language code of text/sound track or separate title spa
082 ## - DEWEY DECIMAL CLASSIFICATION NUMBER
Classification number 530
Item number W68
100 1# - MAIN ENTRY--PERSONAL NAME
Personal name Wilson, Jerry D.
9 (RLIN) 3326
Relator term autor
245 10 - TITLE STATEMENT
Title Física /
Statement of responsibility, etc. Jerry D. Wilson
250 ## - EDITION STATEMENT
Edition statement 1a ed.
260 ## - PUBLICATION, DISTRIBUTION, ETC.
Place of publication, distribution, etc. México, D.F. :
Name of publisher, distributor, etc. Prentice-Hall Hispanoamericana,
Date of publication, distribution, etc. 1996
300 ## - PHYSICAL DESCRIPTION
Extent xxiii, 766 páginas :
Other physical details ilustraciones a color, tablas, gráficos ;
Dimensions 27 cm.
505 0# - FORMATTED CONTENTS NOTE
Formatted contents note Unidades y solución de problemas -- Cinemática: descripción del movimiento -- Movimiento en dos dimensiones -- Fuerza y movimiento -- Trabajo y energía -- Cantidad de movimiento y gravitación -- Movimiento rotacional y equilibrio -- Sólidos y fluidos -- Temperatura -- Calor -- Termodinámica -- Vibraciones y ondas -- Sonido -- Carga, fuerza y energías eléctricas -- Corriente eléctrica y resistencia -- Circuitos eléctricos básicos -- Magnetismo -- Inducción electromagnética -- Circuito de CS -- Óptica geométrica -- Los espejos y las lentes -- Óptica física -- Instrumentos ópticos
650 10 - SUBJECT ADDED ENTRY--TOPICAL TERM
Topical term or geographic name entry element Física
9 (RLIN) 74
650 20 - SUBJECT ADDED ENTRY--TOPICAL TERM
Topical term or geographic name entry element Cinemática
9 (RLIN) 163
650 20 - SUBJECT ADDED ENTRY--TOPICAL TERM
Topical term or geographic name entry element Magnetismo
9 (RLIN) 3313
650 20 - SUBJECT ADDED ENTRY--TOPICAL TERM
Topical term or geographic name entry element Sonido
9 (RLIN) 51
650 20 - SUBJECT ADDED ENTRY--TOPICAL TERM
Topical term or geographic name entry element Temperatura
9 (RLIN) 2122
650 20 - SUBJECT ADDED ENTRY--TOPICAL TERM
Topical term or geographic name entry element Termodinámica
9 (RLIN) 2123
650 20 - SUBJECT ADDED ENTRY--TOPICAL TERM
Topical term or geographic name entry element Circuitos eléctricos
9 (RLIN) 1371
650 20 - SUBJECT ADDED ENTRY--TOPICAL TERM
Topical term or geographic name entry element Ondas
9 (RLIN) 3315
700 1# - ADDED ENTRY--PERSONAL NAME
9 (RLIN) 3327
Personal name Palmas Velasco, Oscar Alfredo
Relator term traductor
942 ## - ADDED ENTRY ELEMENTS (KOHA)
Koha item type Libros
Source of classification or shelving scheme Dewey Decimal Classification
Existencias
Fecha de la última vez que lo usaron Número de ingreso o de inventario Pago total Signatura topográfica completa Código de barras Precio efectivo desde Tipo de documento Estado perdido Sistema de clasificación Estado dañado No es para préstamo Retirado Ubicación permanente Ubicación actual Fecha de adquisición
15/05/2020 9904   530/W68 BibLima25100031 15/05/2020 Libros   Dewey Decimal Classification       Biblioteca Central Lima Biblioteca Central Lima 15/05/2020